Statistics for C Answers Quiz - Geography

Click here to take the quiz!

General Stats

  • This quiz has been taken 536 times
  • The average score is 15 of 25

Answer Stats

HintAnswer% Correct
Some cities include Split and ZagrebCroatia
93%
Capital of AustraliaCanberra
92%
French Riviera city home of film festivalCannes
87%
Such as North America or AsiaContinent
85%
Largest city in WalesCardiff
84%
Disputed Turkish and Greek islandCyprus
81%
Capital of VenezuelaCaracas
80%
Sea home to Cuba, Jamaica, and HispaniolaCaribbean
76%
Largest city in MoroccoCasablanca
76%
Country bordered by Libya to north and Sudan to eastChad
74%
World's largest inland body of waterCaspian Sea
71%
Ivory Coast, in FrenchCote d'Ivoire
67%
Largest city in Alberta, CanadaCalgary
62%
Capital is YaoundeCameroon
62%
Brazilian festivalCarnival
62%
Southernmost New England stateConnecticut
60%
Winds through the Grand CanyonColorado River
55%
Large Irish city built on River LeeCork
53%
Island of Ajaccio and BastiaCorsica
50%
Capital of St. LuciaCastries
38%
Largest city on island of SardiniaCagliari
21%
Headquarters of AppleCupertino
19%
Anthem is "March of the Volunteers"China
16%
Oldest recorded Roman town in BritainColchester
15%
Ghanaian unit of currencyCedi
5%

Score Distribution

Percentile by Number Answered

Percent of People with Each Score

Your Score History

You have not taken this quiz